Normal view MARC view

Entry Topical Term

Number of records used in: 1

001 - CONTROL NUMBER

  • control field: 17174

003 - CONTROL NUMBER IDENTIFIER

  • control field: VITAP

005 - DATE AND TIME OF LATEST TRANSACTION

  • control field: 20260303115942.0

008 - FIXED-LENGTH DATA ELEMENTS

  • fixed length control field: 260303|| aca||babn | a|a d

040 ## - CATALOGING SOURCE

  • Original cataloging agency: VITAP

150 ## - HEADING--TOPICAL TERM

  • Topical term or geographic name entry element: Leadership & Managerial Effectiveness, Business Strategy, Corporate Governance, Human Resource Management, Entrepreneurship etc.

Visitor Number: